Лабиринт для троглодитов: трилогия; для среднего и старшего школьного возраста

Xehetasun bibliografikoak
Egile nagusia: Ларионова О. Н. Ольга Николаевна
Beste egile batzuk: Ли К. (иллюстратор)
Hizkuntza:errusiera
Argitaratua: Ленинград, Детская литература, 1991
Gaiak:
Formatua: MixedMaterials Liburua
KOHA link:https://koha.lib.tpu.ru/cgi-bin/koha/opac-detail.pl?biblionumber=154830

MARC

LEADER 00000nam0a2200000 4500
001 154830
005 20231031152031.0
010 |a 5080000163 
020 |a RU  |b 91-26970 
035 |a (RuTPU)RU\TPU\book\167929 
090 |a 154830 
100 |a 20090305d1991 de y0rusy5003 ca 
101 0 |a rus 
102 |a RU 
105 |a a z 000ay 
200 1 |a Лабиринт для троглодитов  |e трилогия   |e для среднего и старшего школьного возраста  |f О. Н. Ларионова  |g худож. К. Ли 
210 |a Ленинград  |c Детская литература  |c Ленингр. отд-ние  |d 1991 
215 |a 285,[2] с.  |c ил.  |d 24 см 
610 1 |a Научно-фантастические романы и рассказы 
610 1 |a детская литература 
675 |a Р2  |z rus 
700 1 |a Ларионова  |b О. Н.  |g Ольга Николаевна  |4 070 
702 1 |a Ли  |b К.  |4 440 
801 0 |a RU  |b RuMRKP  |c 19950417  |g psbo 
801 1 |a RU  |b 63413507  |c 20090305  |g PSBO 
801 2 |a RU  |b 63413507  |c 20090305  |g PSBO 
942 |c BK